000 00826nam a2200277 4500
001 1966
003 DO-SdBNP
005 20180125113725.0
007 1966
008 900918s1988 sp spa
020 _a9788434585805
040 _aBPMSU
_bspa
_cBPMUS
082 _axxxxxxxx
_bxxxxxxxx
100 1 _aZenker, Helmut
245 1 3 _aEl dragón Martín /
_cHelmut Zenker ; traducción de Javier Lacarra ; ilustraciones de Leo Leonhard
260 1 _aBarcelona :
_bSalvat,
_c1988
300 _a114 p. :
_bil. :
_c22 cm.
490 1 _aBiblioteca juvenil
_v75
700 1 _aLacarra, Javier,
_4tr.
700 1 _aLeonhard, Leo
830 0 _aBiblioteca juvenil
_n75
942 _2ddc
_cBK
945 _aInventariado, 2018 / BT
956 _aVMATEO
_210
_320151119
_6BPMSU
_800151
956 _aBTAVAREZ
_b10
_d20180125
_fBPMSU
_h0038
999 _c8821
_d8821